Names in John Denver Song Titles - Statistics

General Stats
  • This quiz has been taken 28 times
  • The average score is 2 of 17
Answers on the Grid
Answers color-coded by a green-red scale on the quiz's grid according to % correct below.
Annie
Casey
Esmeralda
Molly
Darcy
Lou
Matthew
Zachary
Eli
Melinda
Maggie
Joe
Joseph
Mabel Joy
Rose
Cassandra
Shiloh
Claudette
Jennifer
Roy
Jesse
William
Bobbie
Mandy
 
Answer Stats
Answer % Correct
Annie
87%
Bobbie
20%
Joe
20%
Mabel Joy
20%
Claudette
13%
Molly
13%
Esmeralda
13%
Jesse
13%
Casey
7%
Joseph
7%
Zachary
7%
Eli
7%
Matthew
7%
Melinda
7%
William
7%
Jennifer
0%
Rose
0%
No matching quizzes found
Score Distribution
Percent of People with Each Score
Percentile by Number Answered
Your Score History
You have not taken this quiz